000 00528nam a2200193Ia 4500
005 20250508151737.0
008 008 250505s9999 xx 000 0 eng d
037 _aTextual
040 _aFEDL
_beng
_cFEDL
041 _aeng
_2eng
084 _a079.54, NAT
_qFEDL
100 _aNatarajan J
_9578233
245 0 _aHistory of Indian journalism
260 _aNew Delhi, India
_bManager of Publication
_c1955
300 _a287p.
365 _aINR
_b5
942 _cTEXL
_h079.54, NAT
999 _c1331857
_d1331857